Traduction de vocabulaire en Grec 3 - 500 mots - Statistiques

Statistiques générales
  • Ce quiz a été pris 3 fois
    2 depuis la dernière actualisation
  • Le résultat moyen est 240 sur 500
Statistiques - réponses
Français Grec % Correct
Goût (sens / saveur), n. Γ{εύση}, η
100%
Slip / Caleçon, n. Β{ρακί}, το
100%
Courgette, n. Κ{ολοκύθι}, το
100%
Parrain / Marraine, n. Ν{ονός}, ο Ν{ονά}, η
100%
Fichier, n. Α{ρχείο}, το
50%
Mariage (fête / institution), n. Γ{άμος}, ο
50%
Évènement, n. Γ{εγονός}, το
50%
Paume, n. Π{αλάμη}, η
50%
Rocher, n. Β{ράχος}, ο
50%
Transgenre, adj. Δ{ιεμφυλικός}, -{ή}, -{ό}
50%
Graine, n. Σ{πόρος}, ο
50%
Culotte, n. Κ{ιλότα}, η
50%
Dessin animé, n. Κ{ινούμενο σχέδιο}, το
50%
Émotion, n. Σ{υγκίνηση}, η
50%
Quotidien·ne, adj. Κ{αθημερινός}, -{ή}, -{ό}
50%
Vague (eau), n. Κ{ύμα}, το
50%
Creux·se, adj. Κ{οίλος}, -{η}, -{ο}
50%
Saucisse, n. Λ{ουκάνικο}, το
50%
Mariée / Belle-soeur / Belle-fille, n. Ν{ύφη}, η
50%
Faire l'amour, loc. v. Κάνω έ{ρωτα}
50%
Défense, n. Ά{μυνα}, η
50%
Déception / Découragement, n. Α{πογοήτευση}, η
50%
Élection, n. Ε{κλογή}, η
50%
Soutien, n. Υ{ποστήριξη}, η
50%
Propriété / Possession, n. Ι{διοκτησία}, η
50%
Satisfaire / Contenter, v. Ι{κανοποιώ}
50%
Se promener, v. Σ{εργιανίζω}
50%
Dentiste, n. Ο{δοντίατρος}, ο/η
50%
Addition (à payer), n. Λ{ογαριασμός}, ο
50%
Blessé·e, adj. Λ{αβωμένος}, -{η}, -{ο}
50%
Pourvu que (souhait), interj. Μ{ακάρι}
50%
S'installer, v. Ε{γκαθίσταμαι}
50%
Coucher du soleil, n. Η{λιοβασίλεμα}, το
50%
Voter, v. Ψ{ηφίζω}
50%
Betterave, n. Π{αντζάρι}, το
50%
Ouïe, n. Α{κοή}, η
50%
Matelas, n. Σ{τρώμα}, το
50%
Pointe, n. Αι{χμή}, η
50%
Viol, n. Β{ιασμός}, ο
50%
Justice, n. Δ{ικαιοσύνη}, η
50%
Macho, n. Φ{αλλοκράτης}, ο
50%
Aveugle, adj. Τ{υφλός}, -{ή}, -{ό}
50%
Origan, n. Ρ{ίγανη}, η
50%
Sentier, n. Α{τραπός}, η
50%
Ministre, n. Υ{πουργός}, ο/η
50%
Casserole, n. Κ{ατσαρόλα}, η
50%
Roman, n. Μ{υθιστόρημα}, το
50%
Attaque / Agression, n. Ε{πίθεση}, η
50%
C'est pas grave, exp. Δεν π{ειράζει}
50%
Superflu·e, adj. Π{αραπανίσιος}, -{α}, -{ο}
50%
Dépenses, n. Έ{ξοδα}, τα
50%
(Se) détendre, v. Χ{αλαρώνω}
50%
Pourcentage, n. Π{οσοστό}, το
50%
Environnement, n. Π{εριβάλλον}, το
50%
Million, num. Ε{κατομμύριο}, το
50%
Sensation / Sens, n. Αί{σθηση}, η
50%
Live (musique), adj. Ζ{ωντανός}, -{ή}, -{ό}
50%
Insister, v. Ε{πιμένω}
50%
Coiffure, n. Χ{τένισμα}, το
50%
Admirer / S'émerveiller, v. Θ{αυμάζω}
50%
Galaxie, n. Γ{αλαξίας}, ο
50%
Centimètre, n. Ε{κατοστό}, το
50%
Mouvement, n. Κ{ίνηση}, η
50%
Licencier, v. Α{πολύω}
50%
Ride, n. Ζ{άρα}, η
50%
Ange, n. Ά{γγελος}, ο
50%
Réchauffement climatique, loc. n. Π{αγκόσμια} θ{έρμανση}, η
50%
Annuler, v. Μ{αταιώνω}
50%
Lesbienne, n. Λ{εσβία}, η
50%
Dépenser / Gaspiller, v. Σ{παταλάω}
50%
Fondre, v. Λ{ιώνω}
50%
Intestin, n. Έ{ντερο}, το
50%
Mignon·ne, adj. Χ{αριτωμένος}, -{η}, -{ο}
50%
Dernièrement / Récemment, adv. Π{ρόσφατα}
50%
Permanent·e, adj. Μ{όνιμος}, -{η}, -{ο}
50%
Interprète, n. Δ{ιερμηνέας}, ο/η
50%
Sport, n. Α{θλητισμός}, ο
50%
Auteur·rice, n. Σ{υγγραφέας}, ο/η
50%
En plein air / En extérieur, adv. Υ{παίθρια}
50%
Ridicule, adj. Γ{ελοίος}, -{α}, -{ο}
50%
Condamner, v. Κ{αταδικάζω}
50%
Secteur / Domaine, n. Τ{ομέας}, ο
50%
Ordre / Injonction, n. Δ{ιαταγή}, η
50%
Pilule / Cachet, n. Χ{άπι}, το
50%
Développement / Croissance, n. Α{νάπτυξη}, η
50%
Non-binaire, loc. adj. Μη δ{υαδικό}
50%
Besoin / Nécessité, n. Α{νάγκη}, η
50%
Progrès, n. Π{ρόοδος}, η
50%
Salaire, n. Μ{ισθός}, ο
50%
Publier, v. Δ{ημοσιεύω}
50%
Page web, n. Ι{στοσελίδα}, η
50%
S'attendre (à), v. Α{ναμένομαι}
50%
Gros·se, adj. Χ{οντρός}, -{ή }, -{ό}
50%
Parent·es / Proches, n. Σ{υγγενείς}, οι
50%
Déchet, n. Α{πόρριμμα}, το
50%
Militaire, adj. Σ{τρατιωτικός}, -{ή}, -{ό}
50%
Dossier (informatique), n. Φ{άκελος}, ο
50%
Expression, n. Έ{κφραση}, η
50%
Dette, n. Χ{ρέος}, το
50%
Psychologue, n. Ψ{υχολόγος}, ο/η
50%
Coudre, v. Ρ{άβω}
50%
Bague, n. Δ{αχτυλίδι}, το
50%
Régulièrement, adv. Τ{ακτικά}
50%
Deviner, v. Μ{αντεύω}
50%
Poireau, n. Π{ράσο}, το
50%
Vomir, v. Κάνω ε{μετό}
50%
Côté, n. Π{λευρά}, η
50%
Fée, n. Ν{εράιδα}, η
50%
Pauvre (le·la), adj. Κ{αημένος}, -{η}, -{ο}
50%
Analyse, n. Α{νάλυση}, η
50%
Souhait, n. Ε{υχή}, η
50%
Racine, n. Ρ{ίζα}, η
50%
Contrôler / Vérifier, v. Ε{λέγχω}
50%
Médicament / Remède, n. Φ{άρμακο}, το
50%
Préservatif, n. Π{ροφυλακτικό}, το
50%
(Se) disputer, v. Μ{αλώνω}
50%
Cadavre, n. Π{τώμα}, το
50%
Avertir / Prévenir, v. Π{ροειδοποιώ}
50%
Introduction, n. Ει{σαγωγή}, η
50%
Juger, v. Δ{ικάζω}
50%
Mélancolie, n. Μ{ελαγχολία}, η
50%
Chuchoter, v. Ψ{ιθυρίζω}
50%
Pipi, n. Τσ{ίσια}, τα
50%
Carte, n. Χ{άρτης}, ο
50%
Saleté, n. Β{ρομιά}, η
50%
S'entraîner, v. Π{ροπονούμαι}
50%
Membre (du corps), n. Μ{έλος}, το
50%
Total·e, adj. Σ{υνολικός}, -{ή}, -{ό}
50%
Représentation (spectacle), n. Π{αράσταση}, η
50%
Accident, n. Α{τύχημα}, το
50%
Gradin, n. Κ{ερκίδα}, η
50%
Hurler, v. Ου{ρλιάζω}
50%
Conclusion, n. Σ{υμπέρασμα}, το
50%
Témoin, n. Μ{άρτυρας}, ο/η
50%
Guide, n. Ξ{εναγός}, ο/η
50%
Estomac, n. Σ{τομάχι}, το
50%
Carré, n. Τ{ετράγωνο}, το
50%
Description, n. Π{εριγραφή}, η
50%
Grotte, n. Σ{πηλιά}, η
50%
Fauteuil, n. Π{ολυθρόνα}, η
50%
Opinion, n. Γ{νώμη}, η
50%
Enterrement, n. Τ{αφή}, η
50%
Jumeau·elle, n. Δ{ίδυμος}, ο/η
50%
Créer, v. Δ{ημιουργώ}
50%
Verser, v. Χ{ύνω}
50%
Supposer, v. Υ{ποθέτω}
50%
Fesse, n. Γ{λουτός}, ο
50%
Bavarder, v. Φ{λυαρώ}
50%
Semestre, n. Ε{ξάμηνο}, το
50%
États-Unis, n. Η{νωμένες Πολιτείες}, οι
50%
Genre / Sorte, n. Εί{δος}, το
50%
Condition (requise), n. Ό{ρος}, ο
50%
Ruche, n. Κ{υψέλη}, η
50%
Adversaire, n. Α{ντίπαλος}, ο/η
50%
Match, n. Α{γώνας}, ο
50%
Majorité (+ de la moitié), n. Π{λειοψηφία}, η
50%
Milliard, num. Δ{ισεκατομμύριο}, το
50%
Ronfler, v. Ρ{οχαλίζω}
50%
Il paraît que (ότι), v. Μ{αθεύτηκε}
50%
Chasse, n. Κ{υνήγι}, το
50%
Grippe, n. Γ{ρίπη}, η
50%
Bisexuel·le, adj. Α{μφιφυλόφιλος}, -{η}, -{ο}
50%
Drap, n. Σ{εντόνι}, το
50%
Échauffement (physique), n. Ζ{έσταμα}, το
50%
Gratter, v. Ξ{ύνω}
50%
Apparaitre, v. Ε{μφανίζομαι}
50%
Artichaut, n. Α{γκινάρα}, η
50%
Attaquer, v. Ε{πιτίθεμαι}
50%
Enceint·e, adj. Έ{γκυος}, -{ος}, -{ο}
50%
Miauler, v. Ν{ιαουρίζω}
50%
Se venger, v. Ε{κδικούμαι}
50%
Brûlure, n. Έ{γκαυμα}, το
50%
Pêcher, v. Ψ{αρεύω}
50%
Bien aller (avec qqch / à qqn), v. imp. Τ{αιριάζει}
50%
Attentif·ve, adj. Π{ροσεκτικός}, -{ή}, -{ό}
50%
Thèse, n. Δ{ιατριβή}, η
50%
Être d'humeur pour, loc. v. Έχω κ{έφι} (για/με)
50%
Cri, n. Κ{ραυγή}, η
50%
Miracle / Merveille, n. Θ{αύμα}, το
50%
Être sur le point de / Concerner, v. imp. Π{ρόκειται}
50%
Cauchemar, n. Ε{φιάλτης}, ο
50%
Corbeau, n. Κ{όρακας}, ο
50%
Orphelin·e, adj. Ο{ρφανός}, -{ή}, -{ό}
50%
Belette, n. Ν{υφίτσα}, η
50%
Teindre / Peindre (un mur), v. Β{άφω}
50%
Vigne, n. Α{μπέλι}, το
50%
Minorité (- de la moitié), n. Μ{ειοψηφία}, η
50%
Échecs (jeu), n. Σ{κάκι}, το
50%
Prison, n. Φ{υλακή}, η
50%
Pousser, v. Σ{πρώχνω}
50%
D'ailleurs, adv. Ε{ξάλλου}
50%
Fragile, adj. Ε{ύθραυστος}, -{η}, -{ο}
50%
Disposer (de qqch), v. Δ{ιαθέτω}
50%
Embouteillage, n. Μπ{οτιλιάρισμα}, το
50%
Aiguille, n. Β{ελόνα}, η
50%
Arme, n. Ό{πλο}, το
50%
Verbe, n. Ρ{ήμα}, το
50%
Dur·e, adj. Σ{κληρός}, -{ή}, -{ό}
50%
Plomb, n. Μ{όλυβδος}, ο
50%
Homosexuel·le, adj. Ο{μοφυλόφιλος}, -{η}, -{ο}
50%
Plongeon, n. Β{ουτιά}, η
50%
Grain de beauté, n. Ε{λιά}, η
50%
Échanger, v. Α{νταλλάσσω}
50%
Se plaindre, v. Π{αραπονιέμαι}
50%
Course (à pied), n. Τ{ρέξιμο}, το
50%
Être originaire (de), v. Κ{ατάγομαι} (από)
50%
Muet·te, adj. Β{ουβός}, -{ή}, -{ό}
50%
Laisse tomber, exp. Ά{στα} να π{άνε}
50%
Complet·ète, adj. Π{λήρης}, -{ης}, -{ες}
50%
Carbone, n. Ά{νθρακας}, ο
50%
Pin, n. Π{εύκο}, το
50%
Marié / Beau-frère / Beau-fils, n. Γ{αμπρός}, ο
50%
Promettre, v. Υ{πόσχομαι}
50%
Pression, n. Π{ίεση}, η
50%
Cercle, n. Κ{ύκλος}, ο
50%
Fièvre, n. Π{υρετός}, ο
50%
Tonnelle, n. Κ{ληματαριά}, η
50%
Surpris·e, adj. Έ{κπληκτος}, -{η}, -{ο}
50%
Soie, n. Μ{ετάξι}, το
50%
Satellite, n. Δ{ορυφόρος}, ο
50%
Armée, n. Σ{τρατός}, ο
50%
Chimie, n. Χ{ημεία}, η
50%
Genre (artistique), n. Τ{εχνοτροπία}, η
50%
Abîmer, v. Χ{αλάω}
50%
Agence, n. Π{ρακτορείο}, το
50%
Réactionnaire, adj. Α{ντιδραστικός}, -{ή}, -{ό}
50%
Itinéraire, n. Δ{ρομολόγιο}, το
50%
Spectacle, n. Θ{έαμα}, το
50%
Orchestre, n. Ο{ρχήστρα}, η
50%
Bizarre, adj. Α{ξιοπερίεργος}, -{η}, -{ο}
50%
Poterie, n. Α{γγειοπλαστική}, η
50%
Branche (arbre), n. Κ{λαδί}, το
50%
Invité·e, adj. Κ{αλεσμένος}, -{η}, -{ο}
50%
Temporaire, adj. Π{ροσωρινός}, -{ή}, -{ό}
50%
Mentir, v. Ψ{εύδομαι}
50%
Cyprès, n. Κ{υπαρίσσι}, το
50%
Corne, n. Κ{έρατο}, το
50%
Peser, v. Ζ{υγίζω}
50%
Série / Ordre / Rangée, n. Σ{ειρά}, η
50%
Casque (protection), n. Κ{ράνος}, το
50%
Insulte, n. Β{ρισιά}, η
50%
Âge, n. Η{λικία}, η
50%
Neutre (grammaire), adj. Ου{δέτερος}, -{η}, -{ο}
50%
Joue, n. Μ{άγουλο}, το
50%
Arbitre, n. Δ{ιαιτητής}, ο
50%
Génocide, n. Γ{ενοκτονία}, η
50%
Pot / Récipient, n. Δ{οχείο}, το
50%
Explication, n. Ε{ξήγηση}, η
50%
Militant·e, adj. Μ{αχητικός}, -{η}, -{ο}
50%
Technique, n. Τ{εχνική}, η
50%
Charmant·e, adj. Γ{οητευτικός}, -{ή}, -{ό}
50%
Fournir, v. Π{αρέχω}
50%
Faire nuit, v. Ν{υχτώνει}
50%
Cascade (eau), n. Κ{αταρράκτης}, ο
50%
Blessure, n. Τ{ραύμα}, το
50%
Pastèque, n. Κ{αρπούζι}, το
50%
Apprivoiser, v. Ε{ξημερώνω}
50%
Cicatrice, n. Ου{λή}, η
50%
Sourd·e, adj. Κ{ουφός}, -{ή}, -{ό}
50%
Poison, n. Δ{ηλητήριο}, το
50%
Boxe, n. Π{υγμαχία}, η
50%
Parking, n. Σ{τάθμευση}, η
50%
Cendre, n. Σ{τάχτη}, η
50%
Défaite, n. Ή{ττα}, η
50%
Ficelle, n. Σ{πάγκος}, ο
50%
Virgule, n. Κ{όμμα}, το
50%
Ventilateur, n. Α{νεμιστήρας}, ο
50%
En principe / Pour commencer, adv. Κ{αταρχήν}
50%
N'importe qui / Quiconque, pron. Ο{ποιοσδήποτε}
50%
Recherche / Enquête, n. Έ{ρευνα}, η
50%
Le jour même, adv. Α{νήμερα}
50%
Procès, n. Δ{ίκη}, η
50%
Survêtement / Jogging, n. Φ{όρμα}, η
50%
Nœud, n. Κ{όμπος}, ο
50%
Père Noël, n. Αϊ-Β{ασίλης}
50%
Quand même / Malgré tout, adv. Π{αρ'} {όλ'} {αυτά}
50%
Chauve, adj. Φ{αλακρός}, -{ή}, -{ό}
50%
Exposition, n. Έ{κθεση}, η
50%
Conte, n. Π{αραμύθι}, το
50%
Déchirer, v. Σ{χίζω}
50%
Fer, n. Σ{ίδηρος}, ο
50%
Adopté·e, adj. Υ{ιοθετημένος}, -{η}, -{ο}
50%
Sauterelle, n. Α{ρκίδα}, η
50%
Armure, n. Π{ανοπλία}, η
50%
Récompense / Rémunération, n. Α{μοιβή}, η
50%
Poitrine / Sein, n. Σ{τήθος}, το
50%
Dépression, n. Κ{ατάθλιψη}, η
50%
Organisme, n. Ο{ργανισμός}, ο
50%
Empreinte / Trace, n. Ί{χνος}, το
50%
Représentant·e, n. Α{ντιπρόσωπος}, ο/η
50%
Disparition, n. Ε{ξαφάνιση}, η
50%
Incendie, n. Π{υρκαγιά}, η
50%
Domestique (animal), adj. Κ{ατοικίδιος}, -{α}, -{ο}
50%
Régime (alimentaire), n. Δ{ίαιτα}, η
50%
Gardien·ne, n. Φ{ύλακας}, ο/η
50%
Monstre, n. Θ{ηρίο}, το
50%
Accepter / Recevoir, v. Δ{έχομαι}
50%
Évier, n. Ν{εροχύτης}, ο
50%
Enfant unique, n. Μ{οναχοπαίδι}, το
50%
Servir, v. Υ{πηρετώ}
50%
Couronne, n. Σ{τέμμα}, το
50%
Moteur, n. Κ{ινητήρας}, ο
50%
Brocoli, n. Μπ{ρόκολο}, το
50%
Mépris, n. Π{εριφρόνηση}, η
50%
Vitre, n. Τζ{άμι}, το
50%
Falaise, n. Γκ{ρεμός}, ο
50%
Banlieue, n. Π{ροάστιο}, το
50%
Par terre, adv. Κ{αταγής}
50%
Arrêt / Interruption, n. Σ{ταμάτημα}, το
50%
Volant / Guidon, n. Τ{ιμόνι}, το
50%
Poupée, n. Κ{ούκλα}, η
50%
Piège, n. Π{αγίδα}, η
50%
Journaliste, n. Δ{ημοσιογράφος}, ο/η
50%
Poursuivre / Continuer, v. Ε{ξακολουθώ}
50%
Puer, v. Β{ρομάω}
50%
Acier, n. Α{τσάλι}, το
50%
Féminin·e (grammaire), adj. Θ{ηλυκός}, -{ή/-ιά}, -{ό}
50%
Commander / Ordonner, v. Δ{ιατάζω}
50%
Stress, n. Ά{γχος}, ο
50%
Scie, n. Π{ριόνι}, το
50%
Positif·ve, adj. Θ{ετικός}, -{ή}, -{ό}
50%
Peinture / Crayon de couleur, n. Μπ{ογιά}, η
50%
Muscle, n. Μ{υς}, ο
50%
Survivre, v. Ε{πιβιώνω}
50%
Fier·ère, adj. Π{ερήφανος}, -{η}, -{ο}
50%
Être distant / S'abstenir / Être absent, v. Α{πέχω}
50%
Augmentation, n. Α{ύξηση}, η
50%
Envie, n. Π{όθος}, ο
50%
Se concentrer, v. Σ{υγκεντρώνομαι}
50%
S'approcher, v. Π{λησιάζω}
50%
Émouvoir, v. Σ{υγκινώ}
50%
Instrument, n. Ό{ργανο}, το
50%
Campagne, n. Ε{ξοχή}, η
50%
Planète, n. Π{λανήτης}, ο
50%
Avoir un vertige / étourdissement, v. Ζ{αλίζομαι}
50%
Négatif·ve, adj. Α{ρνητικός}, -{ή}, -{ό}
50%
Empêcher, v. Ε{μποδίζω}
50%
Matière, n. Ου{σία}, η
50%
Hélas, interj. Α{λίμονο}
50%
(Quel) dommage !, interj. (Τι) κ{ρίμα} !
50%
Simultanément, adv. Τ{αυτόχρονα}
50%
Présent (moment), n. Π{αρόν}, το
50%
Messager·ère, n. Α{γγελιοφόρος}, ο/η
50%
Tente, n. Σ{κηνή}, η
50%
But / Objectif, n. Σ{κοπός}, ο
50%
Lavabo, n. Ν{ιπτήρας}, ο
50%
Laine, n. Μ{αλλί}, το
50%
Retraite, n. Σ{ύνταξη}, η
50%
Se traîner / Ramper, v. Σ{έρνομαι}
50%
Trimestre, n. Τ{ρίμηνο}, το
50%
Draguer, v. Κ{ορτάρω}
50%
Désir, n. Ε{πιθυμία}, η
50%
Désert, n. Έ{ρημος}, η
50%
Chirurgien·ne, n. Χ{ειρουργός}, ο/η
50%
Corde, n. Σ{κοινί}, το
50%
Amande, n. Α{μύγδαλο}, το
50%
Gestion, n. Δ{ιαχείριση}, η
50%
Clou, n. Κ{αρφί}, το
50%
Réseau, n. Δ{ίκτυο}, το
50%
Fouille, n. Α{νασκαφή}, η
50%
Ophtalmologue, n. Ο{φθαλμίατρος}, ο/η
50%
Merde / Putain, interj. Γ{αμώτο}
50%
Courant / Flux, n. Ρ{εύμα}, το
50%
Pièce jointe, n. Σ{υνημμένο}, το
50%
De travers / En travers, adv. Σ{τραβά}
50%
Coton, n. Β{αμβάκι}, το
50%
Mal de tête, n. Π{ονοκέφαλος}, ο
50%
Rythme, n. Ρ{υθμός}, ο
50%
S'énerver, v. Ε{κνευρίζομαι}
50%
Respecter, v. Σ{έβομαι}
50%
Outil, n. Ε{ργαλείο}, το
50%
Espace / Intervalle, n. Δ{ιάστημα}, το
50%
Manifestation, n. Δ{ιαδήλωση}, η
50%
Forme, n. Σ{χήμα}, το
50%
Ingrédient, n. Σ{υστατικό}, το
50%
Humble / Modeste, adj. Τ{απεινός}, -{ή}, -{ό}
50%
Bête / Idiot·e, adj. Χ{αζός}, -{ή}, -{ό}
50%
Amende, n. Π{ρόστιμο}, το
50%
Carrière (professionnelle), n. Σ{ταδιοδρομία}, η
50%
Inconnu·e, adj. Ά{γνωστος}, -{η}, -{ο}
50%
Poil, n. Τ{ρίχα}, η
50%
Vaccin, n. Ε{μβόλιο}, το
50%
Quitter / Abandonner, v. Ε{γκαταλείπω}
50%
Éducation, n. Ε{κπαίδευση}, η
50%
Grue, n. Γ{ερανός}, ο
50%
Distribuer, v. Δ{ιανέμω}
50%
Cigale, n. Τζ{ίτζικας}, ο
50%
Homard, n. Α{στακός}, ο
50%
Casquette, n. Κ{ασκέτο}, το
50%
N'impote quand, pron. Ο{ποτεδήποτε}
50%
Figue, n. Σ{ύκο}, το
50%
Déclaration, n. Δ{ήλωση}, η
50%
Agréable, adj. Α{ρεστός}, -{ή}, -{ό}
50%
Orthodoxe, adj. Ο{ρθόδοξος}, -{η}, -{ο}
50%
Couette (lit), n. Π{άπλωμα}, το
50%
Précaution, n. Π{ροφύλαξη}, η
50%
Large, adj. Φ{αρδύς}, -{ά}, -{ύ}
50%
Collaborer, v. Σ{υνεργάζομαι}
50%
Vue (sens), n. Ό{ραση}, η
50%
Véhicule, n. Ό{χημα}, το
50%
Doute, n. Α{μφιβολία}, η
50%
Odorat, n. Ό{σφρηση}, η
50%
Produit (commerce), n. Π{ροϊόν}, το
50%
Pièce / Jeton, n. Κ{έρμα}, το
50%
Aimant, n. Μ{αγνήτης}, ο
50%
Courant·e / Actuel·e, adj. Τ{ρέχων/-οντας}, -{ουσα}, -{ον}
50%
Masculin·e (grammaire), adj. Α{ρσενικός}, -{ή/-ιά}, -{ό}
50%
Action, n. Δ{ράση}, η
50%
Séisme, n. Σ{εισμός}, ο
50%
Ivre, adj. Μ{εθυσμένος}, -{η}, -{ο}
50%
Constant·e, adj. Σ{ταθερός}, -{ή}, -{ό}
50%
Lèvre, n. Χ{είλος}, το
50%
Dégât, n. Ζ{ημιά}, η
50%
Pur·e / Sans sucre (café), adj. Σ{κέτος}, -{η}, -{ο}
50%
Pollution, n. Ρ{ύπανση}, η
50%
Cuivre, n. Χ{αλκός}, ο
50%
Antidouleur, n. Π{αυσίπονο}, το
50%
Buisson / Arbuste, n. Θ{άμνος}, ο
50%
Aller sans dire, v. imp. Ε{ννοείται}
50%
Virus, n. Ι{ός}, ο
50%
Bible, n. Β{ίβλος}, η
50%
Effort / Tentative, n. Π{ροσπάθεια}, η
50%
Pause, n. Π{αύση}, η
50%
Futur / Avenir, n. Μ{έλλον}, το
50%
Personnalité (célébrité / caractère), n. Π{ροσωπικότητα}, η
50%
Serrer, v. Σ{φίγγω}
50%
Entre-temps, adv. Ε{ντωμεταξύ}
50%
Intention, n. Π{ρόθεση}, η
50%
Poêle (à frire), n. Τ{ηγάνι}, το
50%
Paresseux·se, adj. Τ{εμπέλης}, -{α}, -{ικο}
50%
Faire face / Affronter, v. Α{ντιμετωπίζω}
50%
Espion·ne, n. Κ{ατάσκοπος}, ο/η
50%
Pommier, n. Μ{ηλιά}, η
50%
Foie, n. Σ{υκώτι}, το
50%
Sécurité, n. Α{σφάλεια}, η
50%
Transpirer, v. Ι{δρώνω}
50%
Égal (=), adv. Ί{σον}
50%
Démissionner, v. Π{αραιτώ}
50%
Radis, n. Ρ{απανάκι}, το
50%
Passé, n. Π{αρελθόν}, το
50%
Échouer / Rater, v. Α{ποτυγχάνω}
50%
Imprimante, n. Ε{κτυπωτής}, ο
50%
Squelette, n. Σ{κελετός}, ο
50%
Terrible, adj. Τ{ρομερός}, -{ή}, -{ό}
50%
Pouce, n. Α{ντίχειρας}, ο
50%
Opération (médicale), n. Ε{γχείρηση}, η
50%
Se tromper, v. Σ{φάλλω}
50%
Affaires (de qqn), n. Π{ράγματα}, τα
50%
Résistance, n. Α{ντίσταση}, η
50%
Confondre (deux choses), v. Σ{υγχέω}
50%
Diminution, n. Μ{είωση}, η
50%
Bouleversé·e, adj. Α{ναστατωμένος}, -{η}, -{ο}
50%
Point (ponctuation), n. Τ{ελεία}, η
50%
Vertige, n. Ί{λιγγος}, ο
50%
Archéologie, n. Α{ρχαιολογία}, η
50%
Fait·e / Fabriqué·e, adj. Φ{τιαγμένος}, -{η}, -{ο}
50%
Vente, n. Π{ώληση}, η
50%
Volcan, n. Η{φαίστειο}, το
50%
Bataille / Combat, n. Μ{άχη}, η
50%
Musulman·e, n. Μ{ουσουλμάνος}, ο Μ{ουσουλμάνα}/Μ{ουσουλμανίδα}, η
50%
Soldat·e, n. Σ{τρατιώτης}, ο Σ{τρατιωτίνα}, η
50%
Chrétien·ne, n. Χ{ριστιανός}, ο Χ{ριστιανή}, η
50%
Héros·Héroïne, n. Ή{ρωας}, ο Η{ρωίδα}, η
50%
Candidat·e, n. Υ{ποψήφιος}, ο Υ{ποψήφια}, η
50%
Paysan·ne, n. Α{γρότης}, ο Α{γρότισσα}, η
50%
Colocataire, n. Σ{υγκάτοικος}, ο/η Σ{υγκατοίκισσα}, η
50%
Ennemi·e, n. Ε{χθρός}, ο Ε{χθρά}, η
50%
Amant·e, n. Ε{ραστής}, ο Ε{ράστρια}, η
50%
Réalisateur·trice / Metteur·se en scène, n. Σ{κηνοθέτης}, ο Σ{κηνοθέτρια}, η
50%
Juif·ve, n. Ι{ουδαίος}, ο Ι{ουδαία}, η
50%
Ouvrier, n. Ε{ργάτης}, ο Ε{ργάτρια}, η
50%
Féministe, n. Φ{εμινιστής}, ο Φ{εμινίστρια}, η
50%
Poète·sse, n. Π{οιητής}, ο Π{οιήτρια}, η
50%
Pompier·ère, n. Π{υροσβέστης}, ο Π{υροσβέστρια}, η
50%
Artiste, n. Κ{αλλιτέχνης}, ο Κ{αλλιτέχνιδα}, η
50%
Inévitable, adj. Α{ναπόφευκτος}, -{η}, -{o}
50%
Poussière / Poudre, n. Σ{κόνη}, η
0%
Couvercle, n. Κ{απάκι}, το
0%
Boue, n. Λ{άσπη}, η
0%
Divers·e / Varié·e, adj. Π{οικίλος}, -{η}, -{ο}
0%
Cessez-le-feu / Trêve, n. Ε{κεχειρία}, η
0%
Exception, n. Ε{ξαίρεση}, η
0%
Consentement, n. Σ{υγκατάθεση}, η
0%
Aboyer, v. Γ{αβγίζω}
0%
Livraison, n. Π{αράδοση}, η
0%
Plaisir, n. Ε{υχαρίστηση}, η
0%
Marchandise, n. Ε{μπόρευμα}, το
0%
Divorce, n. Δ{ιαζύγιο}, το
0%
Goutte, n. Σ{ταγόνα}, η
0%
Rayon (soleil, cercle), n., n. Α{κτίνα}, η
0%
Administration, n. Δ{ιοίκηση}, η
0%
Légende, n. Θ{ρύλος}, ο
0%
Se rendre compte, v. Σ{υνειδητοποιώ}
0%
Tube / Tuyau, n. Σ{ωλήνας}, ο
0%
Fil, n. Κ{λωστή}, η
0%
Détail, n. Λ{επτομέρεια}, η
0%
Tuile, n. Κ{εραμίδι}, το
0%
Rat, n. Α{ρουραίος}, ο
0%
Facultatif·ve, adj. Π{ροαιρετικός}, -{ή}, -{ό}
0%
Chef·fe, n. Α{ρχηγός}, ο Α{ρχηγίνα}, η
0%
Aucun quiz correspondant
Distribution des résultats
% des personnes avec chaque résultat
Percentile par nombre de réponses
Votre historique - résultats
Vous n’avez pas pris ce quiz depuis la dernière actualisation